| 000 | 00822nam a2200265 c 4500 | ||
|---|---|---|---|
| 003 | BLK | ||
| 005 | 20180420220946.0 | ||
| 008 | 180408b bul|||||r ||||||| ||bul|| | ||
| 010 | _aKNG00040113000 | ||
| 020 |
_a0-521-28169-5 _bиздат.: Cambridge Univ. Press |
||
| 040 | _aBLK | ||
| 041 |
_aENG _cENG |
||
| 080 |
_aАнглийски език _b811.111 _x(075.9) _z811.111(075.9) |
||
| 100 | 1 |
_aUr, Penny _eпърви автор _926901 |
|
| 139 |
_aUr, Penny _b |
||
| 245 | 1 | 0 |
_aDiscussions that Work _bTask-centred fluency practice _cPenny Ur. |
| 260 |
_аCambridge _bCambridge Univ. Press _c1991 |
||
| 300 |
_aVI, 122 c. _c23 cm |
||
| 490 | 1 | _aCambridge handbooks for language teachers | |
| 852 | _aЦб 169619 | ||
| 856 | 4 |
_qpdf _u |
|
| 856 | 4 |
_qpdf _u |
|
| 942 |
_cKNG _n0 |
||
| 944 |
_aCR _c15.01.2003 _kAB_DOS |
||
| 944 |
_aED _c15.01.2003 _k |
||
| 999 |
_c36991 _d36991 |
||